Statistics for Mother Mother - Burning Pile Lyric Quiz

Click here to take the quiz!

General Stats

  • This quiz has been taken 286 times
  • The average score is 181 of 231

Answer Stats

Answer% Correct
a
99%
All
98%
all
98%
All
98%
I
98%
My
98%
my
98%
burn
96%
burning
96%
to
96%
pile
94%
troubles
93%
and
91%
On
91%
on
91%
up
89%
start
88%
smile
87%
the
86%
lit
82%
in
81%
catch
78%
fire
78%
It
78%
It
78%
It
78%
then
77%
If
76%
aim
74%
change
74%
again
73%
goes
73%
me
72%
throw
72%
try
72%
at
69%
for
69%
style
69%
face
66%
I'll
66%
one
65%
rest
65%
grace
64%
save
64%
time
64%
he
63%
long
63%
philosophy
63%
back
62%
bank
62%
rent
62%
spent
62%
been
61%
never
61%
away
59%
drugs
59%
gates
59%
saving
58%
came
57%
fill
57%
got
56%
pearly
56%
man
55%
sailed
55%
she
55%
spill
55%
papa
54%
laid
53%
lonely
53%
oven
53%
world
53%
you
53%
holes
52%
mamma
52%
guts
51%
buns
49%
maid
49%
renaissance
49%
take
49%
her
47%
turn
43%
don't
38%
thing
36%
said
33%
money's
32%
ah
23%
Ah
23%
mean
19%
begone
15%
woebegones
4%

Score Distribution

Percentile by Number Answered

Percent of People with Each Score

Your Score History

You have not taken this quiz